000 00626nam a22001457a 4500
999 _c3252
_d3252
020 _a 9780070611498
050 _aHD9834
100 _a Dun & Bradstreet Corporation.
245 _c Dun & Bradstreet Corporation.
260 _a New Delh
_bTata McGraw-Hill
_c2007
300 _a x, 244 pages
_billustrations ; 24 cm
505 _a1. Understanding Risk 2. Risk classification 3. Measuring Risk 4. Risk Management 5. Tools for Risk Management 6. Other tools in Risk Management 7. Base.ii 8. Case studies- Risk management gone wrong Appendix
650 _a Risk management.
_xBusiness enterprises -- Finance.
942 _cBK